[Event "4NCL/Div2b/FCA1 vs. CHEDP"]
[Site "Hinckley Island ENG"]
[Date "2009.03.21"]
[Round "7.4"]
[White "Schuurman, Petra"]
[Black "Smith, Graham"]
[Result "1-0"]
[WhiteElo "2340"]
[BlackElo "2103"]
[PlyCount "43"]
[EventDate "2009.03.21"]
[SourceDate "2008.10.04"]

1. d4 d5 2. c4 e6 3. Nc3 Nf6 4. cxd5 exd5 5. Bg5 c6 6. Qc2 Be7 7. e3 O-O 8. Bd3
Nbd7 9. Nge2 Re8 10. h3 Ne4 11. Bxe7 Qxe7 12. Bxe4 dxe4 13. g4 c5 14. O-O-O b6
15. Ng3 cxd4 16. Rxd4 Nc5 17. Rhd1 Ba6 18. Ngxe4 Rec8 19. Nd6 Rc6 20. Nf5 Qc7
21. Kb1 g6 22. Nd5 1-0

[Event "4NCL/Div2b/FCA1 vs. CHEDP"]
[Site "Hinckley Island ENG"]
[Date "2009.03.21"]
[Round "7.5"]
[White "Utyuzhnikova, Galina"]
[Black "Wallace, Paul A"]
[Result "1/2-1/2"]
[WhiteElo "2105"]
[BlackElo "2253"]
[PlyCount "52"]
[EventDate "2009.03.21"]
[SourceDate "2008.10.04"]

1. Nf3 Nf6 2. g3 g6 3. Bg2 Bg7 4. O-O O-O 5. d4 d6 6. c4 Nbd7 7. Nc3 e5 8. Qc2
Re8 9. b3 c6 10. dxe5 dxe5 11. Ng5 Nc5 12. Be3 Bf5 13. Nce4 Ncxe4 14. Nxe4 Kh8
15. Rad1 Qa5 16. Qc3 Qxc3 17. Nxc3 Ng4 18. Bc5 b6 19. Bd6 e4 20. Nb1 c5 21. h3
Nf6 22. Nc3 h5 23. Nb5 Rad8 24. Bf4 Bf8 25. Nd6 Bxd6 26. Rxd6 Rxd6 1/2-1/2

[Event "4NCL/Div2b/FCA1 vs. CHEDP"]
[Site "Hinckley Island ENG"]
[Date "2009.03.21"]
[Round "7.6"]
[White "McKenna, Jason P"]
[Black "Majer, Chris E"]
[Result "1/2-1/2"]
[WhiteElo "2161"]
[BlackElo "2081"]
[PlyCount "60"]
[EventDate "2009.03.21"]
[SourceDate "2008.10.04"]

1. e4 c6 2. d4 d5 3. Nc3 dxe4 4. Nxe4 Nd7 5. Bd3 Ngf6 6. Ng5 e6 7. Qe2 Bd6 8.
N1f3 h6 9. Ne4 Nxe4 10. Qxe4 Nf6 11. Qe2 O-O 12. g4 Nd5 13. g5 g6 14. gxh6 Nf4
15. Bxf4 Bxf4 16. h7+ Kxh7 17. Ne5 Kg7 18. c3 Qg5 19. Nf3 Qh5 20. Kd1 b6 21.
Kc2 Bb7 22. Qe4 Bh6 23. Rhg1 Qf5 24. Qxf5 exf5 25. Bxf5 c5 26. Ne5 cxd4 27.
cxd4 Rad8 28. Rad1 Bf4 29. h3 Kf6 30. Bg4 Bxe5 1/2-1/2

[Event "4NCL/Div2b/FCA1 vs. CHEDP"]
[Site "Hinckley Island ENG"]
[Date "2009.03.21"]
[Round "7.7"]
[White "Freeman, Richard C P"]
[Black "Bennett, Patrick"]
[Result "1/2-1/2"]
[WhiteElo "2066"]
[BlackElo "2078"]
[PlyCount "29"]
[EventDate "2009.03.21"]
[SourceDate "2008.10.04"]

1. d4 Nf6 2. Bg5 Ne4 3. Bh4 c6 4. Nd2 Nxd2 5. Qxd2 d5 6. e3 Qb6 7. c3 Bf5 8.
Nf3 Nd7 9. Be2 e6 10. O-O Bd6 11. Bd3 Bg6 12. Rfe1 Qc7 13. e4 dxe4 14. Bxe4 O-O
15. Bg3 1/2-1/2

[Event "4NCL/Div2b/FCA1 vs. CHEDP"]
[Site "Hinckley Island ENG"]
[Date "2009.03.21"]
[Round "7.8"]
[White "Bellin, Christopher J"]
[Black "Kendall, Paul S N"]
[Result "1/2-1/2"]
[WhiteElo "1980"]
[BlackElo "2063"]
[PlyCount "41"]
[EventDate "2009.03.21"]
[SourceDate "2008.10.04"]

1. e4 e5 2. Nf3 Nc6 3. Bc4 Nf6 4. Ng5 d5 5. exd5 b5 6. Bxb5 Qxd5 7. Nc3 Qxg2 8.
Qf3 Qxf3 9. Nxf3 Bd7 10. d3 Bd6 11. Rg1 a6 12. Ba4 Kf8 13. Bg5 Nh5 14. O-O-O
Be8 15. Bb3 f6 16. Be3 Na5 17. Bd5 c6 18. Be4 Rb8 19. Na4 Nf4 20. Rd2 g6 21.
Bxf4 1/2-1/2

[Event "4NCL/Div2c/OXF1 vs. WWKS1"]
[Site "Hinckley Island ENG"]
[Date "2009.03.22"]
[Round "8.1"]
[White "Savage, Ben D"]
[Black "Thomas, Nicholas"]
[Result "1-0"]
[WhiteElo "2307"]
[BlackElo "2313"]
[PlyCount "61"]
[EventDate "2009.03.22"]
[EventCountry "ENG"]
[SourceDate "2008.10.04"]

1. d4 e6 2. c4 Nf6 3. Nc3 Bb4 4. e3 O-O 5. Nf3 c5 6. Bd3 Bxc3+ 7. bxc3 d6 8.
O-O Nc6 9. Rb1 h6 10. Nd2 Ne8 11. f4 f5 12. d5 Na5 13. e4 exd5 14. cxd5 fxe4
15. Nxe4 Nf6 16. Ng3 Ng4 17. h3 Qh4 18. Rf3 Nf6 19. c4 b6 20. Bd2 g5 21. fxg5
hxg5 22. Be1 Qh6 23. Qc1 Bxh3 24. gxh3 Nh5 25. Nf5 Rxf5 26. Bxf5 Nf4 27. Rb2
Re8 28. Rxf4 gxf4 29. Rg2+ Kf8 30. Bc3 Re7 31. Be6 1-0

[Event "4NCL/Div2c/OXF1 vs. WWKS1"]
[Site "Hinckley Island ENG"]
[Date "2009.03.22"]
[Round "8.2"]
[White "Hynes, Anthony"]
[Black "Rose, Matthew"]
[Result "0-1"]
[WhiteElo "2243"]
[BlackElo "2261"]
[PlyCount "52"]
[EventDate "2009.03.22"]
[EventCountry "ENG"]
[SourceDate "2008.10.04"]

1. e4 c5 2. Nf3 d6 3. d4 Nf6 4. Nc3 cxd4 5. Nxd4 Nc6 6. Bc4 e5 7. Nde2 Be6 8.
Bb3 Be7 9. O-O O-O 10. Kh1 Rc8 11. f4 Na5 12. f5 Bc4 13. Bxc4 Nxc4 14. b3 Nb6
15. Bb2 d5 16. Ng3 dxe4 17. Qe2 Qc7 18. Rac1 a6 19. Ncxe4 Nxe4 20. Nxe4 f6 21.
c4 Rfd8 22. c5 Nd5 23. Rfd1 Qc6 24. Ba3 Nf4 25. Qc4+ Kh8 26. g3 Nh3 0-1

[Event "4NCL/Div2c/OXF1 vs. WWKS1"]
[Site "Hinckley Island ENG"]
[Date "2009.03.22"]
[Round "8.3"]
[White "White, Michael J R"]
[Black "Mason, Don"]
[Result "1/2-1/2"]
[WhiteElo "2252"]
[BlackElo "2255"]
[PlyCount "66"]
[EventDate "2009.03.22"]
[EventCountry "ENG"]
[SourceDate "2008.10.04"]

1. e4 c5 2. Nf3 Nc6 3. d4 cxd4 4. Nxd4 Nf6 5. Nc3 e5 6. Ndb5 d6 7. Bg5 a6 8.
Na3 b5 9. Bxf6 gxf6 10. Nd5 f5 11. c3 Bg7 12. exf5 Bxf5 13. Nc2 O-O 14. Nce3
Be6 15. Bd3 f5 16. O-O Rb8 17. Qh5 e4 18. Bc2 Ne5 19. Nf4 Qd7 20. Kh1 Rf6 21.
Nxe6 Qxe6 22. Bb3 Nc4 23. a4 d5 24. axb5 Rxb5 25. Bxc4 dxc4 26. Qe2 f4 27. Nxc4
f3 28. gxf3 Rh5 29. Rg1 Rxh2+ 30. Kxh2 Rh6+ 31. Kg3 Rg6+ 32. Kh2 Rh6+ 33. Kg3
Rg6+ 1/2-1/2

[Event "4NCL/Div2c/OXF1 vs. WWKS1"]
[Site "Hinckley Island ENG"]
[Date "2009.03.22"]
[Round "8.4"]
[White "Page, Mark"]
[Black "Rawlinson, Aidan"]
[Result "1/2-1/2"]
[WhiteElo "2140"]
[BlackElo "2236"]
[PlyCount "88"]
[EventDate "2009.03.22"]
[EventCountry "ENG"]
[SourceDate "2008.10.04"]

1. e4 c5 2. Nc3 e6 3. g3 d5 4. exd5 exd5 5. Bg2 Nf6 6. Nge2 d4 7. Ne4 Nxe4 8.
Bxe4 Nd7 9. O-O Nf6 10. Bg2 Bd6 11. d3 O-O 12. Bf4 Rb8 13. Qd2 b6 14. Bxd6 Qxd6
15. Qf4 Qxf4 16. Nxf4 Bd7 17. Rfe1 Rfe8 18. Nd5 Nxd5 19. Bxd5 Kf8 20. Kg2 Ba4
21. b3 Rxe1 22. Rxe1 Re8 23. Rxe8+ Bxe8 24. Kf3 Ke7 25. Kf4 Kd6 26. Be4 h6 27.
h4 a5 28. g4 a4 29. g5 hxg5+ 30. hxg5 g6 31. Bf3 a3 32. Be4 b5 33. Bf3 Ke6 34.
Bb7 Bd7 35. Bf3 f5 36. Bb7 Kd6 37. Bf3 Be6 38. Be2 Bg8 39. Bf1 Bd5 40. Be2 Bb7
41. Bf1 Ba6 42. Be2 Kd5 43. Bf3+ Kd6 44. Be2 Kd5 1/2-1/2

[Event "4NCL/Div2c/OXF1 vs. WWKS1"]
[Site "Hinckley Island ENG"]
[Date "2009.03.22"]
[Round "8.5"]
[White "Shaw, David A"]
[Black "Pitcher, John"]
[Result "1-0"]
[WhiteElo "2240"]
[BlackElo "2183"]
[PlyCount "91"]
[EventDate "2009.03.22"]
[EventCountry "ENG"]
[SourceDate "2008.10.04"]

1. e4 c5 2. Nf3 e6 3. d4 cxd4 4. Nxd4 a6 5. Bd3 Bc5 6. Nb3 Ba7 7. O-O Nc6 8.
Nc3 Nf6 9. Bg5 d6 10. Qd2 h6 11. Be3 e5 12. Bxa7 Rxa7 13. Rad1 b6 14. Be2 Rd7
15. Qe3 b5 16. a4 b4 17. Nd5 Nxd5 18. Rxd5 Ne7 19. Rd2 O-O 20. Rfd1 Qc7 21. f4
exf4 22. Qxf4 Ng6 23. Qg3 Bb7 24. Bg4 Rdd8 25. Bf3 Rfe8 26. Re2 Ne5 27. Nd4 Qc5
28. Kh1 Nxf3 29. gxf3 Qe5 30. Nf5 Qxg3 31. hxg3 Bc6 32. b3 Re6 33. Nd4 d5 34.
Nxe6 fxe6 35. Rd4 a5 36. Kg1 Rf8 37. exd5 Bxd5 38. f4 Rc8 39. Rd3 g6 40. Kf2
Kf7 41. g4 Kf6 42. Rh3 Kg7 43. Ke1 Rc5 44. Kd1 Rc8 45. Reh2 Rh8 46. Kd2 1-0

[Event "4NCL/Div2c/OXF1 vs. WWKS1"]
[Site "Hinckley Island ENG"]
[Date "2009.03.22"]
[Round "8.6"]
[White "Hunt, Malcolm A"]
[Black "Smallbone, Kieran"]
[Result "0-1"]
[WhiteElo "2080"]
[BlackElo "2237"]
[PlyCount "86"]
[EventDate "2009.03.22"]
[EventCountry "ENG"]
[SourceDate "2008.10.04"]

1. d4 d5 2. Bf4 Nf6 3. e3 c5 4. c3 Nc6 5. Nd2 Bf5 6. Ngf3 Qb6 7. Qb3 c4 8. Qxb6
axb6 9. a3 b5 10. Rc1 Nh5 11. Be2 Nxf4 12. exf4 h6 13. O-O e6 14. Bd1 Bd6 15.
g3 f6 16. Bc2 Bg4 17. Rfe1 Kd7 18. Kg2 g5 19. fxg5 hxg5 20. h4 gxh4 21. Nxh4
Rag8 22. Rh1 f5 23. Nhf3 f4 24. Rxh8 Rxh8 25. Nh4 fxg3 26. fxg3 Rxh4 27. gxh4
Bf4 28. Rf1 Bxd2 29. Bg6 Ne7 30. h5 Nf5 31. Rh1 Bh6 32. Bxf5 Bxf5 33. Kg3 Kc6
34. Kh4 Kb6 35. Rg1 Ka5 36. Rg8 Bc1 37. Rg7 Bxb2 38. h6 Bxc3 39. h7 Bxh7 40.
Rxh7 Bxd4 41. Rxb7 Bc5 42. Kg5 Bxa3 43. Kf6 c3 0-1

[Event "4NCL/Div2c/OXF1 vs. WWKS1"]
[Site "Hinckley Island ENG"]
[Date "2009.03.22"]
[Round "8.7"]
[White "Eckersley-Waites, Tom"]
[Black "Lloyd, Alan"]
[Result "1-0"]
[WhiteElo "2227"]
[BlackElo "2110"]
[PlyCount "63"]
[EventDate "2009.03.22"]
[EventCountry "ENG"]
[SourceDate "2008.10.04"]

1. d4 Nf6 2. c4 g6 3. Nc3 Bg7 4. e4 O-O 5. Nf3 d6 6. Be2 e5 7. O-O Nc6 8. d5
Ne7 9. b4 a5 10. Ba3 b6 11. bxa5 Rxa5 12. Bb4 Ra8 13. a4 Ne8 14. Qb3 Kh8 15.
Ne1 f5 16. f3 Ng8 17. Nd3 Ngf6 18. a5 bxa5 19. Rxa5 Rxa5 20. Bxa5 fxe4 21. fxe4
Bg4 22. Qd1 Qc8 23. Bxg4 Nxg4 24. Rxf8+ Bxf8 25. Nb5 Ngf6 26. Qf3 c6 27. Nc7
Be7 28. c5 cxd5 29. Nxd5 Nxd5 30. Qf7 Ndf6 31. Qxe7 Qd7 32. Qxd7 1-0

[Event "4NCL/Div2c/OXF1 vs. WWKS1"]
[Site "Hinckley Island ENG"]
[Date "2009.03.22"]
[Round "8.8"]
[White "Clarke, Brandon"]
[Black "Foster, James M"]
[Result "1-0"]
[WhiteElo "2001"]
[BlackElo "1945"]
[PlyCount "125"]
[EventDate "2009.03.22"]
[EventCountry "ENG"]
[SourceDate "2008.10.04"]

1. e4 e6 2. d4 d5 3. e5 c5 4. c3 Qb6 5. Nf3 Nc6 6. a3 cxd4 7. cxd4 Nge7 8. b4
Nf5 9. Bb2 Be7 10. Bd3 O-O 11. Nc3 Ncxd4 12. Nxd4 Qxd4 13. Na4 Qf4 14. g3 Qh6
15. Nc3 g6 16. h4 Qg7 17. Qd2 Nd4 18. Qe3 Qxe5 19. Qxe5 Nf3+ 20. Ke2 Nxe5 21.
Nxd5 exd5 22. Bxe5 Be6 23. Ke3 Rac8 24. Bd4 a6 25. h5 Rfe8 26. Kd2 Bg4 27. hxg6
fxg6 28. f4 Rc6 29. Rh6 Bf6 30. Bxf6 Rxf6 31. Rc1 Re7 32. Rc5 Kg7 33. Rh1 Bf3
34. Rf1 Be4 35. Bxe4 dxe4 36. Rfc1 Rd6+ 37. Ke2 Kf6 38. g4 Rdd7 39. g5+ Kf7 40.
R1c3 Re6 41. Ke3 Rde7 42. R3c4 b6 43. Rd5 b5 44. Rc8 Kg7 45. Rdd8 h5 46. Rg8+
Kh7 47. Rh8+ Kg7 48. Rhd8 Kf7 49. Rh8 Re8 50. Rh7+ Kg8 51. Rcc7 Rd8 52. Rh6
Rd3+ 53. Ke2 Red6 54. Re7 Rxa3 55. f5 Ra2+ 56. Ke3 Ra3+ 57. Kf4 Rdd3 58. Rxg6+
Kf8 59. f6 Rf3+ 60. Ke5 Rac3 61. Rh6 Kg8 62. Rg7+ Kf8 63. Rh8# 1-0

[Event "4NCL/Div2c/PANDG vs. WES1"]
[Site "Hinckley Island ENG"]
[Date "2009.03.22"]
[Round "8.1"]
[White "Civin, Tomas"]
[Black "Lock, Gavin R"]
[Result "1-0"]
[WhiteElo "2421"]
[BlackElo "2243"]
[PlyCount "59"]
[EventDate "2009.03.22"]
[EventCountry "ENG"]
[SourceDate "2008.10.04"]

1. e4 e6 2. d4 d5 3. Nc3 Bb4 4. e5 c5 5. a3 Ba5 6. b4 cxd4 7. Nb5 Bc7 8. f4 Bd7
9. Nf3 Bxb5 10. Bxb5+ Nd7 11. Bb2 Ne7 12. O-O a6 13. Bd3 g6 14. Nxd4 Nb6 15. f5
gxf5 16. Qh5 Qd7 17. Nxf5 Nxf5 18. Bxf5 Nc4 19. Bd4 O-O-O 20. Bh3 Rdf8 21. Rf2
Kb8 22. Raf1 Qc6 23. Rxf7 Rxf7 24. Qxf7 Nd2 25. Qf8+ Rxf8 26. Rxf8+ Bd8 27.
Rxd8+ Kc7 28. Rd6 Qb5 29. Bb6+ Kc8 30. Rd8# 1-0

[Event "4NCL/Div2c/PANDG vs. WES1"]
[Site "Hinckley Island ENG"]
[Date "2009.03.22"]
[Round "8.2"]
[White "Kawuma, Moses"]
[Black "Ashton, Adam G"]
[Result "0-1"]
[WhiteElo "2224"]
[BlackElo "2321"]
[PlyCount "58"]
[EventDate "2009.03.22"]
[EventCountry "ENG"]
[SourceDate "2008.10.04"]

1. Nf3 d5 2. c4 e6 3. d4 c6 4. e3 Nf6 5. Be2 Nbd7 6. O-O dxc4 7. Bxc4 b5 8. Bb3
Bb7 9. Qe2 Bd6 10. e4 e5 11. Ng5 O-O 12. f4 exd4 13. e5 d3 14. Qf3 Qb6+ 15. Kh1
c5 16. Qh3 c4 17. exf6 Nxf6 18. Be3 Bc5 19. Bxc5 Qxc5 20. Bd1 Qd4 21. Nc3 b4
22. Na4 c3 23. bxc3 bxc3 24. Bb3 c2 25. Qf5 Rac8 26. Qe5 Qxe5 27. fxe5 Nd5 28.
e6 Ne3 29. exf7+ Kh8 0-1

[Event "4NCL/Div2c/PANDG vs. WES1"]
[Site "Hinckley Island ENG"]
[Date "2009.03.22"]
[Round "8.3"]
[White "Burnett, Andrew"]
[Black "Simons, Martin J"]
[Result "1/2-1/2"]
[WhiteElo "2202"]
[BlackElo "2223"]
[PlyCount "33"]
[EventDate "2009.03.22"]
[EventCountry "ENG"]
[SourceDate "2008.10.04"]

1. d4 Nf6 2. Nf3 d6 3. g3 g6 4. Bg2 Bg7 5. O-O O-O 6. c4 Nbd7 7. Nc3 c5 8. b3
Qa5 9. Bb2 cxd4 10. Nxd4 a6 11. Qd2 Qh5 12. e3 Rb8 13. Rac1 Nc5 14. b4 Ne6 15.
Nd5 Nxd5 16. cxd5 Nxd4 17. Bxd4 1/2-1/2

[Event "4NCL/Div2c/PANDG vs. WES1"]
[Site "Hinckley Island ENG"]
[Date "2009.03.22"]
[Round "8.4"]
[White "Rutter, Nicholas"]
[Black "Cumbers, Paul"]
[Result "0-1"]
[WhiteElo "2187"]
[BlackElo "2189"]
[PlyCount "80"]
[EventDate "2009.03.22"]
[EventCountry "ENG"]
[SourceDate "2008.10.04"]

1. e4 e6 2. Nf3 d5 3. Nc3 Nf6 4. e5 Nfd7 5. d4 c5 6. Bg5 Qb6 7. dxc5 Bxc5 8.
Qd2 Nc6 9. O-O-O Qa5 10. Bb5 Bb4 11. Bxc6 bxc6 12. a3 Bxa3 13. Na2 Qa6 14. Nb4
Bxb4 15. Qxb4 c5 16. Qh4 Nf8 17. Qg4 Ng6 18. Kb1 Rb8 19. h4 Rb4 20. Qg3 h5 21.
Nd2 Bd7 22. Qc3 O-O 23. Qxc5 Rfb8 24. Nb3 Ba4 25. Rd4 Bxb3 26. Rxb4 Qa2+ 27.
Kc1 Rxb4 28. Qxb4 Qa1+ 29. Kd2 Qxh1 30. Qxb3 Qxg2 31. Qb8+ Kh7 32. Qxa7 Nxe5
33. b4 Nf3+ 34. Ke2 Nxg5 35. hxg5 Qe4+ 36. Kd1 Qxb4 37. Qxf7 Qg4+ 38. Ke1 Qxg5
39. Qxe6 Qc1+ 40. Ke2 Qxc2+ 0-1

[Event "4NCL/Div2c/PANDG vs. WES1"]
[Site "Hinckley Island ENG"]
[Date "2009.03.22"]
[Round "8.5"]
[White "Walton, Alan J"]
[Black "Kawuma, Steven"]
[Result "0-1"]
[WhiteElo "2189"]
[BlackElo "2166"]
[PlyCount "58"]
[EventDate "2009.03.22"]
[EventCountry "ENG"]
[SourceDate "2008.10.04"]

1. d4 Nf6 2. Bg5 d6 3. Nc3 Nbd7 4. e4 h6 5. Bh4 c6 6. f4 Qa5 7. Qd2 e5 8. Nf3
Be7 9. Bf2 O-O 10. Bd3 Re8 11. O-O Ng4 12. Be1 exd4 13. Nxd4 Qc5 14. Be2 Bf6
15. Bxg4 Qxd4+ 16. Kh1 Nc5 17. Qe2 Bxg4 18. Qxg4 Nxe4 19. Nxe4 Qxe4 20. c3 Qe2
21. Qxe2 Rxe2 22. Rb1 a6 23. Rf2 Rae8 24. Rxe2 Rxe2 25. Kg1 Kf8 26. Kf1 Rc2 27.
a4 Ke7 28. h4 h5 29. Bf2 Ke6 0-1

[Event "4NCL/Div2c/PANDG vs. WES1"]
[Site "Hinckley Island ENG"]
[Date "2009.03.22"]
[Round "8.6"]
[White "Neil, David R"]
[Black "Burrows, Martin P"]
[Result "1/2-1/2"]
[WhiteElo "2161"]
[BlackElo "2206"]
[PlyCount "67"]
[EventDate "2009.03.22"]
[EventCountry "ENG"]
[SourceDate "2008.10.04"]

1. Nf3 Nf6 2. c4 g6 3. g3 Bg7 4. Bg2 O-O 5. d4 d6 6. O-O Nc6 7. Nc3 a6 8. Re1
Rb8 9. Rb1 b5 10. cxb5 axb5 11. b4 Bd7 12. e4 e5 13. d5 Ne7 14. a4 bxa4 15. b5
Ne8 16. Qxa4 f5 17. Nd2 Nf6 18. Qc4 Kh8 19. f3 Nc8 20. Qd3 Ra8 21. Nc4 Qe7 22.
Be3 fxe4 23. Nxe4 Qe8 24. b6 cxb6 25. Nxb6 Nxb6 26. Rxb6 Nxe4 27. fxe4 Qe7 28.
Rb7 Rfb8 29. Reb1 Rxb7 30. Rxb7 Ra1+ 31. Bf1 h5 32. Rb8+ Kh7 33. Qc3 Rd1 34.
Qc2 1/2-1/2

[Event "4NCL/Div2c/PANDG vs. WES1"]
[Site "Hinckley Island ENG"]
[Date "2009.03.22"]
[Round "8.7"]
[White "Birtwhistle, Nigel"]
[Black "Yeo, Michael J"]
[Result "1/2-1/2"]
[WhiteElo "2159"]
[BlackElo "2120"]
[PlyCount "62"]
[EventDate "2009.03.22"]
[EventCountry "ENG"]
[SourceDate "2008.10.04"]

1. e4 e5 2. d4 exd4 3. Bc4 Nc6 4. Nf3 Nf6 5. e5 Ng4 6. Qe2 Qe7 7. Bf4 f6 8.
exf6 Nxf6 9. Qxe7+ Bxe7 10. Nbd2 d5 11. Bb5 Bd7 12. Bxc7 Rc8 13. Bxc6 bxc6 14.
Be5 c5 15. O-O O-O 16. Rfe1 Rce8 17. b4 Ne4 18. bxc5 Nxd2 19. Nxd2 Bxc5 20. Bg3
Bb4 21. Rxe8 Rxe8 22. Nf3 Bc3 23. Rb1 Ba4 24. Be5 Bxc2 25. Rc1 Bd3 26. h3 Bc4
27. Bxd4 Bxd4 28. Nxd4 Re4 29. Nf5 g6 30. Nd6 Re6 31. Nxc4 Rc6 1/2-1/2

[Event "4NCL/Div2c/PANDG vs. WES1"]
[Site "Hinckley Island ENG"]
[Date "2009.03.22"]
[Round "8.8"]
[White "Lazarevic, Ljubica"]
[Black "Milson, Samuel"]
[Result "0-1"]
[WhiteElo "1775"]
[BlackElo "1955"]
[PlyCount "46"]
[EventDate "2009.03.22"]
[EventCountry "ENG"]
[SourceDate "2008.10.04"]

1. e4 c6 2. Nc3 d5 3. exd5 cxd5 4. d4 Nc6 5. Nf3 Bf5 6. a3 e6 7. Bg5 Be7 8.
Bxe7 Ngxe7 9. Bd3 Bxd3 10. Qxd3 Nf5 11. b3 Rc8 12. O-O g5 13. g4 Ng7 14. Qb5 h5
15. h3 hxg4 16. hxg4 Qc7 17. Rfe1 Kf8 18. Re3 Qf4 19. Qxb7 Rc7 20. Qa8+ Ne8 21.
Nxd5 Qxg4+ 22. Kf1 Rh1+ 23. Ng1 Rxg1# 0-1

[Event "4NCL/Div2c/JUTK vs. GUI3"]
[Site "Hinckley Island ENG"]
[Date "2009.03.22"]
[Round "8.1"]
[White "Williams, Simon K"]
[Black "Cooksey, Paul S"]
[Result "1-0"]
[WhiteElo "2507"]
[BlackElo "2292"]
[PlyCount "73"]
[EventDate "2009.03.22"]
[EventCountry "ENG"]
[SourceDate "2008.10.04"]

1. d4 d5 2. c4 c6 3. Nc3 Nf6 4. Nf3 dxc4 5. e4 b5 6. e5 Nd5 7. a4 h6 8. axb5
Nxc3 9. bxc3 cxb5 10. Ba3 Be6 11. Qb1 a6 12. Nd2 Bd5 13. Ne4 g6 14. h4 Nc6 15.
h5 g5 16. Be2 b4 17. Bxb4 Nxb4 18. cxb4 Qb6 19. O-O Bg7 20. Ra5 Bxe4 21. Qxe4
Rc8 22. Rc5 O-O 23. Bxc4 Qxb4 24. Bxf7+ Kh8 25. Rxc8 Rxc8 26. Be6 Rd8 27. Qg6
Qb6 28. Rb1 Qc6 29. d5 Qe8 30. Bf7 Qf8 31. Qe6 a5 32. Rb7 Ra8 33. Rxe7 a4 34.
d6 a3 35. Qg6 Qc8 36. Rc7 Qf8 37. Ba2 1-0

[Event "4NCL/Div2c/JUTK vs. GUI3"]
[Site "Hinckley Island ENG"]
[Date "2009.03.22"]
[Round "8.2"]
[White "Thompson, Ian D"]
[Black "Harakis, Alexis"]
[Result "1/2-1/2"]
[WhiteElo "2261"]
[BlackElo "2253"]
[PlyCount "119"]
[EventDate "2009.03.22"]
[EventCountry "ENG"]
[SourceDate "2008.10.04"]

1. Nf3 Nf6 2. c4 g6 3. g3 Bg7 4. Bg2 d6 5. O-O e5 6. Nc3 Nc6 7. d3 O-O 8. Rb1
Nd4 9. Nxd4 exd4 10. Ne4 Nxe4 11. dxe4 Be6 12. b3 Rb8 13. e3 dxe3 14. Bxe3 a6
15. Bd4 Bxd4 16. Qxd4 c5 17. Qe3 b5 18. f4 f6 19. cxb5 Rxb5 20. Rfd1 c4 21.
bxc4 Bxc4 22. Bf1 Bxf1 23. Kxf1 Qa5 24. Rxb5 Qxb5+ 25. Kf2 Qc6 26. Rc1 Qa4 27.
Qb3+ Qxb3 28. axb3 Rb8 29. Rc6 Rxb3 30. Rxd6 Rb2+ 31. Ke3 Rxh2 32. Rxf6 Ra2 33.
g4 Kg7 34. Rc6 Ra4 35. g5 Kf7 36. Rc7+ Kg8 37. e5 Ra3+ 38. Ke4 Ra4+ 39. Ke3
Ra3+ 40. Kd4 Ra4+ 41. Rc4 Ra5 42. Rc5 Ra4+ 43. Kd5 Rxf4 44. Kd6 Rd4+ 45. Ke7
Kg7 46. Rc7 a5 47. e6 a4 48. Rd7 Rb4 49. Ra7 Rd4 50. Ke8+ Kg8 51. Rd7 Rb4 52.
Kd8 Rb8+ 53. Kc7 Re8 54. Kd6 Ra8 55. Ke7 a3 56. Rd8+ Rxd8 57. Kxd8 a2 58. e7
a1=Q 59. e8=Q+ Kg7 60. Qe7+ 1/2-1/2

[Event "4NCL/Div2c/JUTK vs. GUI3"]
[Site "Hinckley Island ENG"]
[Date "2009.03.22"]
[Round "8.3"]
[White "Cooley, Chris"]
[Black "Richardson, Keith B"]
[Result "1-0"]
[WhiteElo "2265"]
[BlackElo "2198"]
[PlyCount "55"]
[EventDate "2009.03.22"]
[EventCountry "ENG"]
[SourceDate "2008.10.04"]

1. e4 g6 2. d4 Bg7 3. c3 d6 4. f4 Nf6 5. Bd3 O-O 6. Nf3 Nc6 7. O-O e5 8. h3 Qe7
9. d5 Nb8 10. Qe1 Nbd7 11. fxe5 Nxe5 12. Nxe5 dxe5 13. b3 Ne8 14. Ba3 Nd6 15.
c4 f5 16. c5 Nxe4 17. Bxe4 fxe4 18. Rxf8+ Qxf8 19. Nc3 Bf5 20. Rd1 Rd8 21. Qe2
Qf7 22. d6 c6 23. Bc1 b6 24. g4 Be6 25. Bg5 Rf8 26. Nxe4 bxc5 27. Be7 Rb8 28.
Ng5 1-0

[Event "4NCL/Div2c/JUTK vs. GUI3"]
[Site "Hinckley Island ENG"]
[Date "2009.03.22"]
[Round "8.4"]
[White "Granat, Russell G"]
[Black "Mack, Andy"]
[Result "1/2-1/2"]
[WhiteElo "2257"]
[BlackElo "2239"]
[Annotator ",MalcolmArmstrong"]
[PlyCount "179"]
[EventDate "2009.03.22"]
[EventCountry "ENG"]
[SourceDate "2008.10.04"]

1. e4 e5 2. Nf3 Nc6 3. Bb5 a6 4. Ba4 Nf6 5. O-O Be7 6. Qe2 b5 7. Bb3 O-O 8. c3
d5 9. d3 Bb7 10. Rd1 Re8 11. Nbd2 Bf8 12. Nf1 Na5 13. Bc2 c5 14. Ng3 h6 15. Nf5
Qc7 16. Bd2 c4 17. Ng3 Rad8 18. b3 Kh8 19. dxc4 dxc4 20. b4 Nc6 21. a4 Ne7 22.
axb5 axb5 23. Nh4 Ra8 24. Be3 Neg8 25. f3 Rxa1 26. Rxa1 Ra8 27. Rxa8 Bxa8 28.
Qd1 g6 29. Ne2 Be7 30. g3 Nh7 31. Qa1 Qd8 32. Ng2 Ng5 33. Ne1 f5 34. Qa6 fxe4
35. Qxg6 Qd6 36. Qxd6 Bxd6 37. f4 Nf3+ 38. Nxf3 exf3 39. Nd4 Nf6 40. Nxb5 Bb8
41. fxe5 Ng4 42. Bd4 Nxe5 43. Kf2 Kg8 44. h3 h5 45. Na3 Kf7 46. Nb1 h4 47. gxh4
Nd3+ 48. Bxd3 cxd3 49. Nd2 Bf4 50. Be3 Be5 51. Nxf3 Bxc3 52. b5 Kg6 53. Bd2 Bf6
54. Bg5 Bc3 55. Ke3 Bb2 56. Nd2 Bg2 57. Kxd3 Bxh3 58. b6 Bc8 59. Kc4 Kf5 60.
Kb5 Bc1 61. Kc6 Ba6 62. Ne4 Ba3 63. Nc5 Be2 64. Nb3 Bf3+ 65. Kc7 Bb2 66. Be3
Be5+ 67. Kc8 Kg4 68. Bf2 Bf6 69. Nc5 Kh5 70. Kc7 Be5+ 71. Kd7 Bg4+ 72. Ne6 Kg6
73. Ke7 Bf3 74. Nf8+ Kf5 75. Nd7 Bc3 76. Kd6 Bd2 77. Nc5 Bf4+ 78. Kd7 Bd5 79.
Nd3 Bd2 80. Kd6 Bg2 81. Kc5 Ke6 82. Nb4 Bf4 83. Nc2 Bd6+ 84. Kc4 Kd7 85. h5 Bf4
86. Be3 Be5 87. h6 Be4 88. Nb4 Bd6 89. Nd5 Kc6 90. Nf6 {
remainder of game not recorded} 1/2-1/2

[Event "4NCL/Div2c/JUTK vs. GUI3"]
[Site "Hinckley Island ENG"]
[Date "2009.03.22"]
[Round "8.5"]
[White "Naylor, John"]
[Black "Shepley, Julien M"]
[Result "1/2-1/2"]
[WhiteElo "2183"]
[BlackElo "2076"]
[PlyCount "83"]
[EventDate "2009.03.22"]
[EventCountry "ENG"]
[SourceDate "2008.10.04"]

1. e4 d6 2. d4 Nf6 3. Nc3 Nbd7 4. Nf3 e5 5. Bc4 h6 6. O-O c6 7. a4 Qc7 8. Re1
Be7 9. h3 g5 10. dxe5 dxe5 11. Nh2 Nf8 12. Be3 Ng6 13. Qe2 Nf4 14. Bxf4 gxf4
15. Kh1 Rg8 16. Red1 Rg7 17. Rd2 Bd7 18. Qd1 a5 19. Nf3 Rd8 20. Ne1 Qc8 21. Qf3
Be6 22. Rxd8+ Bxd8 23. Bxe6 Qxe6 24. Rd1 Bb6 25. Qd3 Rg8 26. Qd6 Qxd6 27. Rxd6
Ke7 28. Rd2 Bd4 29. Re2 Bxc3 30. bxc3 Rd8 31. Nd3 Nd7 32. Re1 Ke6 33. Rb1 b6
34. f3 f5 35. exf5+ Kxf5 36. Kg1 Rg8 37. Kf2 Rg6 38. Kf1 Rd6 39. Ke2 Rg6 40.
Kf1 Rd6 41. Ke2 Rg6 42. Kf1 1/2-1/2

[Event "4NCL/Div2c/JUTK vs. GUI3"]
[Site "Hinckley Island ENG"]
[Date "2009.03.22"]
[Round "8.6"]
[White "Eckloff, Colin"]
[Black "Karayiannis, Costas"]
[Result "1-0"]
[WhiteElo "2116"]
[BlackElo "2166"]
[PlyCount "75"]
[EventDate "2009.03.22"]
[EventCountry "ENG"]
[SourceDate "2008.10.04"]

1. e4 e6 2. d4 d5 3. e5 c5 4. Qg4 Nc6 5. Nf3 cxd4 6. Bd3 Qc7 7. Qg3 f6 8. exf6
Qxg3 9. hxg3 gxf6 10. c3 dxc3 11. Nxc3 Bb4 12. Bxh7 Kf8 13. Rh4 Kg7 14. Bxg8
Kxg8 15. Bd2 Bd7 16. Ke2 Kf7 17. Rah1 Rxh4 18. Rxh4 Kg7 19. a3 Be7 20. b4 Nd8
21. Rg4+ Kf7 22. Rh4 Bd6 23. Rh7+ Ke8 24. Rh8+ Ke7 25. Bh6 Bc7 26. Nh4 Be8 27.
Bf8+ Kd7 28. Rh7+ Nf7 29. f4 Rd8 30. Bg7 f5 31. Bf6 Rc8 32. Kd2 a6 33. Ng6 Bd6
34. Nh8 Rc7 35. Nxf7 Kc6 36. Nd8+ Kb6 37. Bd4+ Bc5 38. Bxc5+ 1-0